| 000 | 00358 a2200133 4500 | ||
|---|---|---|---|
| 001 | 90403 | ||
| 082 | _a297 TAR | ||
| 090 |
_c42723 _d42723 |
||
| 100 | _aMuhammad Tariq Jameel Molana | ||
| 245 |
_aHamarey Masaail Ka Hal _cMolana Muhammad Tariq Jameel _hUrdu |
||
| 260 |
_aLahore _bMushtaq Book Corner _c2012 |
||
| 300 | _a208p. | ||
| 500 | _aGeneral Collection | ||
| 942 |
_aCAE NUST _k297 TAR |
||
| 999 |
_c325476 _d325476 |
||